| 000 | 00359cam a2200145ua 4500 | ||
|---|---|---|---|
| 041 |
_aeng _h |
||
| 082 |
_a425 _bTHO/GO |
||
| 100 | _aThornton, G H . | ||
| 245 |
_aGood English / _cG H Thornton. _hTextual Documents |
||
| 260 |
_aLondon : _bThe English University Press Ltd , _c1965. |
||
| 300 | _a235 ; . | ||
| 504 | _a | ||
| 942 | _cBK | ||
| 999 |
_c6277 _d6277 |
||